Regimen fiscal y contable de los derechos federativos en el ambito del futbol profesional

Uloženo v:
Podrobná bibliografie
Hlavní autor: Malvárez Pascual, Luis
Další autoři: Martin Zamora, Maria Pilar
Médium: Neznámo
Jazyk:angličtina
Vydáno: Madrid, España Reus 2019
Edice:Colección de derecho deportivo
Témata:
Tagy: Přidat tag
Žádné tagy, Buďte první, kdo vytvoří štítek k tomuto záznamu!

MARC

LEADER 00000 a2200000 4500
003 CL-VaPUC
005 20201207160300.0
008 201204b ||||| |||| 00| 0 eng d
999 |c 431701  |d 431699 
020 |a 9788429021943 
040 |c Pontificia Universidad Católica de Valparaíso 
082 |a 336.2 MAL 2019 
100 |a Malvárez Pascual, Luis  |9 856501 
245 |a Regimen fiscal y contable de los derechos federativos en el ambito del futbol profesional 
260 |a Madrid, España   |b Reus  |c 2019 
300 |a 334 páginas  
490 |a Colección de derecho deportivo 
583 |k Cristina Rojas  |c 20201204 
650 |a Fútbol  |x Derecho  |9 858541 
650 |a Fútbol   |x Impuestos   |9 858542 
650 |a Derecho Federativo  |x Fútbol  |9 858543 
700 |a Martin Zamora, Maria Pilar  |9 858540 
852 |a BIBCUR 
942 |2 ddc  |c BK 
952 |0 0  |1 0  |2 ddc  |4 0  |6 336_200000000000000_MAL_2019  |7 0  |8 A  |9 576963  |a BIBDER  |b BIBDER  |d 2020-11-20  |e 3  |g 39410.00  |i 5577985  |o 336.2 MAL 2019  |p 5577985  |r 2023-01-25  |t 1  |v 39410.00  |w 2020-11-20  |y BK  |k DER